2021 EU internet refferal unit transparency report: terrorist propaganda monitoring and analysis, referrals, and public-private partnerships
The report is a factual snapshot of the EU IRU’s activities in 2021, which aim to keep online spaces safe. This includes the sum of the Unit’s activities aiming at reducing public accessibility to online propaganda produced by terrorist organisations.
| Autores Corporativos: | ; |
|---|---|
| Tipo de documento: | Electrónico Libro |
| Lenguaje: | Inglés |
| Publicado: |
Luxembourg
Publications Office of the European Union
2022
|
| En: | Año: 2022 |
| Acceso en línea: |
Volltext (Resolving-System) Volltext (kostenfrei) |
| Verificar disponibilidad: | HBZ Gateway |
| Palabras clave: |
MARC
| LEADER | 00000cam a2200000 c 4500 | ||
|---|---|---|---|
| 001 | 1834141907 | ||
| 003 | DE-627 | ||
| 005 | 20260522160052.0 | ||
| 007 | cr uuu---uuuuu | ||
| 008 | 230210s2022 xx |||||o 00| ||eng c | ||
| 020 | |a 9789295220485 |9 978-92-95220-48-5 | ||
| 024 | 7 | |a 10.2813/341047 |2 doi | |
| 024 | 8 | |a QL-AR-22-001-EN-N | |
| 035 | |a (DE-627)1834141907 | ||
| 035 | |a (DE-599)KXP1834141907 | ||
| 040 | |a DE-627 |b ger |c DE-627 |e rda | ||
| 041 | |a eng | ||
| 084 | |a 2,1 |2 ssgn | ||
| 245 | 0 | 0 | |a 2021 EU internet refferal unit transparency report |b terrorist propaganda monitoring and analysis, referrals, and public-private partnerships |c EU Internet Referral Unit ; Europol |
| 264 | 1 | |a Luxembourg |b Publications Office of the European Union |c 2022 | |
| 300 | |a 1 Online-Ressource (13 Seiten) |b Diagramme | ||
| 336 | |a Text |b txt |2 rdacontent | ||
| 337 | |a Computermedien |b c |2 rdamedia | ||
| 338 | |a Online-Ressource |b cr |2 rdacarrier | ||
| 520 | |a The report is a factual snapshot of the EU IRU’s activities in 2021, which aim to keep online spaces safe. This includes the sum of the Unit’s activities aiming at reducing public accessibility to online propaganda produced by terrorist organisations. | ||
| 610 | 2 | 7 | |0 (DE-588)5098525-5 |0 (DE-627)132918269 |0 (DE-576)194702391 |a Europäische Union |2 gnd |
| 650 | 0 | 7 | |0 (DE-588)4043830-2 |0 (DE-627)104189177 |0 (DE-576)209057513 |a Organisiertes Verbrechen |2 gnd |
| 650 | 0 | 7 | |0 (DE-588)7864395-8 |0 (DE-627)700634487 |0 (DE-576)363213635 |a Internetkriminalität |2 gnd |
| 710 | 2 | |a EU Internet Referral Unit |e VerfasserIn |4 aut | |
| 710 | 2 | |a Europol |e Herausgebendes Organ |0 (DE-588)10028615-X |0 (DE-627)335250114 |0 (DE-576)198833474 |4 isb | |
| 856 | 4 | 0 | |u https://doi.org/10.2813/341047 |x Resolving-System |z kostenfrei |3 Volltext |7 0 |
| 856 | 4 | 0 | |u https://www.europol.europa.eu/cms/sites/default/files/documents/EU_IRU_Transparency_Report_2021.pdf |x Resolving-System |7 1 |
| 951 | |a BO | ||
| ELC | |a 1 | ||
| LOK | |0 000 xxxxxcx a22 zn 4500 | ||
| LOK | |0 001 4270191880 | ||
| LOK | |0 003 DE-627 | ||
| LOK | |0 004 1834141907 | ||
| LOK | |0 005 20230210141437 | ||
| LOK | |0 008 230210||||||||||||||||ger||||||| | ||
| LOK | |0 040 |a DE-2619 |c DE-627 |d DE-2619 | ||
| LOK | |0 092 |o n | ||
| LOK | |0 852 |a DE-2619 | ||
| LOK | |0 852 1 |9 00 | ||
| LOK | |0 939 |a 2023-02-10 |b l01 | ||
| OAS | |a 1 | ||
| ORI | |a WA-MARC-krimdoka001.raw | ||
